000 00295nam a22001337a 4500
008 180921b xxu||||| |||| 00| 0 eng d
020 _a0815135297
041 _aeng
080 _a618
100 _a10
101 _aGJI
245 _aEndocrinology Of Pregnacy
_cGivens.J.R
942 _2udc
_cBK
999 _c48153
_d48153